000
00296nam a2200121 a 4500
008
100923s1988|||| d
245
1
0
_a
Rímske aféry 2
100
1
_a
Felisatti, Massimo
260
_b
Československý spisovateľ
_a
Praha
_c
1988
020
_c
29
044
_a
xo
_c
SK
041
_a
slo
999
_c
10629
_d
10629